Reconocimiento de semillas de malezas /

Guardado en:
Autor Principal: Petetin, Carlos A
Otros Autores: Molinari, Edgardo
Formato: Libro
Publicado: Buenos Aires : Inta, 1982
Materias:
Etiquetas: Agregar Etiqueta
Sin Etiquetas, Sea el primero en etiquetar este registro!
LEADER 00521nam a22001695a 4500
001 CEM.cems016065
005 20131007164625.0
008 130507s1982##################000#0#####d
003 CEMS
082 0 4 |a 631.52 
100 1 |a Petetin, Carlos A 
245 1 0 |a Reconocimiento de semillas de malezas /  |c Carlos A Petetin y Edgardo P Molinari 
260 |a Buenos Aires :  |b Inta,  |c 1982 
300 |a 146 p. 
653 |a Malezas-reconocimiento 
700 1 |a Molinari, Edgardo 
859 |a CEMS  |b BIB. CEMS - Agricultura  |h 631.52  |i P442  |p A11978.83  |t Ej.1